[Event "BAN-chT 1st League"]
[Site "Dhaka"]
[Date "2021.02.28"]
[Round "4.4"]
[White "Alam, Mahbubul"]
[Black "Shawkat, Ali Sheikh"]
[Result "0-1"]
[WhiteElo "1980"]
[BlackElo "1832"]
[PlyCount "88"]
[EventDate "2021.02.25"]
[EventType "team-tourn"]
[EventRounds "11"]
[EventCountry "BAN"]
[SourceTitle "EXT 2022"]
[Source "ChessBase"]
[SourceDate "2021.10.06"]
[SourceVersion "1"]
[SourceVersionDate "2021.10.06"]
[SourceQuality "1"]
[WhiteTeam "Morning Glory"]
[BlackTeam "Kasparov CC"]
[WhiteTeamCountry "BAN"]
[BlackTeamCountry "BAN"]

1. e4 e5 2. Bc4 Nc6 3. d3 h6 4. Nc3 Nf6 5. Be3 a6 6. f4 d6 7. h3 b5 8. Bb3 Na5 9. Nf3 Nxb3 10. axb3 exf4 11. Bxf4 Bb7 12. 0-0 Be7 13. Nd4 Nh7 14. Qg4 g5 15. Bh2 Nf6 16. Qf3 Rh7 17. Nf5 Ng8 18. Nd5 Bf8 19. e5 c6 20. Nxd6+ Bxd6 21. exd6 cxd5 22. Qf5 Rg7 23. Rae1+ Kf8 24. Be5 f6 25. Qe6 Rf7 26. d7 Qxd7 27. Qxd7 Rxd7 28. Bxf6 Rf7 29. Re6 Re8 30. Rb6 Nxf6 31. Rfxf6 Rxf6 32. Rxf6+ Kg7 33. Rb6 Re7 34. c4 bxc4 35. bxc4 dxc4 36. dxc4 Rc7 37. b4 Bc8 38. c5 Rb7 39. Rc6 Bf5 40. g4 Bd3 41. Rd6 Bc4 42. c6 Rf7 43. Rd7 Bb5 44. Rxf7+ Kxf7 0-1

[Event "BAN-chT 1st League"]
[Site "Dhaka"]
[Date "2021.02.25"]
[Round "1.4"]
[White "Arya, Bhakta"]
[Black "Alam, Mahbubul"]
[Result "1-0"]
[WhiteElo "2003"]
[BlackElo "1980"]
[PlyCount "101"]
[EventDate "2021.02.25"]
[EventType "team-tourn"]
[EventRounds "11"]
[EventCountry "BAN"]
[SourceTitle "EXT 2022"]
[Source "ChessBase"]
[SourceDate "2021.10.06"]
[SourceVersion "1"]
[SourceVersionDate "2021.10.06"]
[SourceQuality "1"]
[WhiteTeam "Sultana Kamal Smirity Pathagar"]
[BlackTeam "Morning Glory"]
[WhiteTeamCountry "BAN"]
[BlackTeamCountry "BAN"]

1. d4 Nf6 2. Bf4 d6 3. Nc3 Bf5 4. e3 e6 5. Bd3 Bg6 6. Nf3 Be7 7. h3 0-0 8. 0-0 Nc6 9. a3 d5 10. b4 Bd6 11. Bg5 h6 12. Bh4 Bxd3 13. cxd3 g5 14. Bg3 Bxg3 15. fxg3 Qd6 16. e4 Nxd4 17. Nxd4 Qb6 18. Nce2 e5 19. Rxf6 Qxf6 20. Nf5 Rfd8 21. Qc2 dxe4 22. dxe4 Qb6+ 23. Kh2 Rd7 24. Qc3 Qe6 25. g4 Rad8 26. Neg3 Kh7 27. Rf1 c6 28. Nh5 Rd1 29. Nfg7 Qa2 30. Rxd1 Rxd1 31. Qxe5 Qb1 32. Ng3 Qa1 33. Qxa1 Rxa1 34. Ne8 Rxa3 35. Nd6 b6 36. Nxf7 Rb3 37. e5 Rxb4 38. Nd6 Kg6 39. Ngf5 Rb1 40. e6 a5 41. e7 Re1 42. e8Q+ Rxe8 43. Nxe8 a4 44. Nd4 a3 45. Nc2 a2 46. Nd6 b5 47. Ne4 Kf7 48. Na1 b4 49. Nc5 Ke7 50. Nd3 c5 51. Nxc5 1-0

[Event "Budapest FS07 FM-B"]
[Site "Budapest"]
[Date "2008.07.14"]
[Round "10"]
[White "Szirmai, Eduard"]
[Black "Alam, Mahbubul"]
[Result "0-1"]
[WhiteElo "2123"]
[BlackElo "2039"]
[PlyCount "74"]
[EventDate "2008.07.05"]
[EventType "tourn"]
[EventRounds "10"]
[EventCountry "HUN"]
[SourceTitle "CBM 125 Extra"]
[Source "ChessBase"]
[SourceDate "2008.09.01"]
[SourceVersion "1"]
[SourceVersionDate "2008.09.01"]
[SourceQuality "1"]

1. e4 c5 2. Nf3 d6 3. b4 Nf6 4. d3 cxb4 5. a3 Qa5 6. Nbd2 Nc6 7. Bb2 g6 8. Nc4 Qc7 9. axb4 Nxb4 10. e5 dxe5 11. Bxe5 Qd8 12. Qb1 Nbd5 13. Be2 Bg7 14. 0-0 0-0 15. Nfd2 Qd7 16. Bf3 b5 17. Na5 b4 18. Qb3 Rd8 19. Rab1 Ba6 20. Ndc4 Rac8 21. Rfd1 Qb5 22. Bxf6 Bxf6 23. Bxd5 Qxd5 24. Qxb4 Bxc4 25. Nxc4 a5 26. Qa4 Qh5 27. Rf1 Rc5 28. Qb3 Rg5 29. Qb7 Qe2 30. Ne3 Qd2 31. Rfd1 Qc3 32. Rb5 a4 33. Rb4 a3 34. Rb3 Qc5 35. Qa6 Bb2 36. Nc4 Qd4 37. Nxa3 Qg4 0-1

[Event "Budapest FS07 FM-B"]
[Site "Budapest"]
[Date "2008.07.13"]
[Round "9"]
[White "Alam, Mahbubul"]
[Black "Borda, Lajos"]
[Result "0-1"]
[WhiteElo "2039"]
[BlackElo "2199"]
[PlyCount "56"]
[EventDate "2008.07.05"]
[EventType "tourn"]
[EventRounds "10"]
[EventCountry "HUN"]
[SourceTitle "CBM 125 Extra"]
[Source "ChessBase"]
[SourceDate "2008.09.01"]
[SourceVersion "1"]
[SourceVersionDate "2008.09.01"]
[SourceQuality "1"]

1. e4 c5 2. Nc3 a6 3. a4 e6 4. Bc4 Ne7 5. d3 d5 6. Bb3 Nbc6 7. f4 Nd4 8. Ba2 b5 9. Nf3 dxe4 10. Nxe4 Nef5 11. 0-0 Bb7 12. Ne5 c4 13. Re1 cxd3 14. Qxd3 Qb6 15. Kh1 Be7 16. c3 Rd8 17. Nxf7 Kxf7 18. cxd4 Rxd4 19. Ng5+ Kg6 20. Qh3 Bxg5 21. Be3 Rd3 22. Qg4 Nxe3 23. Qxg5+ Kf7 24. Re2 Rhd8 25. Rae1 Rd1 26. Qh5+ Kf8 27. Rxe3 Qxe3 28. Rxd1 Rd2 0-1

[Event "Budapest FS07 FM-B"]
[Site "Budapest"]
[Date "2008.07.12"]
[Round "8"]
[White "Patrick, David A"]
[Black "Alam, Mahbubul"]
[Result "0-1"]
[WhiteElo "1996"]
[BlackElo "2039"]
[PlyCount "75"]
[EventDate "2008.07.05"]
[EventType "tourn"]
[EventRounds "10"]
[EventCountry "HUN"]
[SourceTitle "CBM 125 Extra"]
[Source "ChessBase"]
[SourceDate "2008.09.01"]
[SourceVersion "1"]
[SourceVersionDate "2008.09.01"]
[SourceQuality "1"]

1. e4 c5 2. c3 d6 3. d4 cxd4 4. cxd4 Nf6 5. Nc3 Nc6 6. Nf3 g6 7. d5 Nb8 8. Be3 Bg7 9. Qd2 0-0 10. Bh6 Bxh6 11. Qxh6 Qa5 12. Qd2 Na6 13. Nd4 Nc5 14. f3 Bd7 15. Be2 Rfc8 16. 0-0 Na4 17. Nb3 Qb4 18. Nxa4 Qxd2 19. Nxd2 Rc2 20. Rfd1 Bxa4 21. b3 Bd7 22. a4 Rac8 23. Kf1 Nh5 24. Bb5 Bxb5+ 25. axb5 R8c5 26. Rxa7 Rxb5 27. g3 f5 28. exf5 gxf5 29. Ke1 Nf6 30. Rda1 Rxd5 31. Nc4 Rxh2 32. Ra8+ Kf7 33. R1a7 Rd3 34. Rxb7 Rc3 35. Kd1 Rxf3 36. Nd2 Rxg3 37. Ra2 Rd3 38. b4 0-1

[Event "Budapest FS07 FM-B"]
[Site "Budapest"]
[Date "2008.07.10"]
[Round "6"]
[White "Alam, Mahbubul"]
[Black "Nyland, Thomas"]
[Result "1-0"]
[WhiteElo "2039"]
[BlackElo "2107"]
[PlyCount "53"]
[EventDate "2008.07.05"]
[EventType "tourn"]
[EventRounds "10"]
[EventCountry "HUN"]
[SourceTitle "CBM 125 Extra"]
[Source "ChessBase"]
[SourceDate "2008.09.01"]
[SourceVersion "1"]
[SourceVersionDate "2008.09.01"]
[SourceQuality "1"]

1. e4 e5 2. Nf3 Nc6 3. Nc3 Nf6 4. Bc4 Nxe4 5. Bxf7+ Kxf7 6. Nxe4 Be7 7. d4 d5 8. Neg5+ Ke8 9. Nxe5 Nxe5 10. dxe5 Bf5 11. h4 h6 12. Nf3 c5 13. Qe2 Qb6 14. h5 Qb4+ 15. c3 Qg4 16. Nh4 Bxh4 17. Qxg4 Bxf2+ 18. Kxf2 Bxg4 19. Be3 b6 20. Rh4 Rf8+ 21. Kg3 Be2 22. Re1 Bc4 23. Rg4 Kf7 24. e6+ Kxe6 25. Bxc5+ Kf7 26. Re7+ Kf6 27. Rf4+ 1-0

[Event "Budapest FS07 FM-B"]
[Site "Budapest"]
[Date "2008.07.09"]
[Round "5"]
[White "Alam, Mahbubul"]
[Black "Szirmai, Eduard"]
[Result "1-0"]
[WhiteElo "2039"]
[BlackElo "2123"]
[PlyCount "47"]
[EventDate "2008.07.05"]
[EventType "tourn"]
[EventRounds "10"]
[EventCountry "HUN"]
[SourceTitle "CBM 125 Extra"]
[Source "ChessBase"]
[SourceDate "2008.09.01"]
[SourceVersion "1"]
[SourceVersionDate "2008.09.01"]
[SourceQuality "1"]

1. e4 c5 2. Nc3 Nc6 3. Bc4 e6 4. d3 Na5 5. f4 a6 6. a4 Nxc4 7. dxc4 d6 8. Nf3 Be7 9. 0-0 Qc7 10. Qe1 Bd7 11. Qg3 g6 12. f5 gxf5 13. exf5 Nf6 14. Bg5 Rg8 15. Qh4 Rxg5 16. Nxg5 0-0-0 17. Nxf7 Rf8 18. fxe6 Bxe6 19. Ng5 Bg8 20. Rae1 Qd8 21. Ne6 Bxe6 22. Rxe6 Nd5 23. Rxf8 Qxf8 24. Rxe7 1-0